Catálogo
 En Linea

Tratado de Beijing sobre interpretaciones y ejecuciones audiovisuales (2012). (Registro nro. 44078)

Detalles MARC
000 -CABECERA
campo de control de longitud fija 00334nam a2200109 a 4500
005 - FECHA Y HORA DE LA ÚLTIMA TRANSACCIÓN
campo de control 20201002045501.0
008 - DATOS DE LONGITUD FIJA--INFORMACIÓN GENERAL
campo de control de longitud fija 140718s2012 000 spa d
020 ## - NÚMERO INTERNACIONAL ESTÁNDAR DEL LIBRO
Número Internacional Estándar del Libro 9789280522617
040 ## - FUENTE DE LA CATALOGACIÓN
Centro catalogador/agencia de origen DO-SdBNP
245 #0 - MENCIÓN DE TÍTULO
Título Tratado de Beijing sobre interpretaciones y ejecuciones audiovisuales (2012).
260 ## - PUBLICACIÓN, DISTRIBUCIÓN, ETC.
Lugar de publicación, distribución, etc. Ginebra -- OMPI,
Fecha de publicación, distribución, etc. 2012 -- 18 p.

No hay ítems disponibles.

Con tecnología Koha